Mazah Bakhair [Urdu] (Record no. 298907)

000 -LEADER
fixed length control field 00307 a2200133 4500
001 - CONTROL NUMBER
control field 63834
020 ## - INTERNATIONAL STANDARD BOOK NUMBER
International Standard Book Number 9789693510768
082 ## - DEWEY DECIMAL CLASSIFICATION NUMBER
Classification number 891.4397 YOU
090 ## - LOCALLY ASSIGNED LC-TYPE CALL NUMBER (OCLC); LOCAL CALL NUMBER (RLIN)
-- 37753
-- 37753
100 ## - MAIN ENTRY--PERSONAL NAME
Personal name Younis Butt
245 ## - TITLE STATEMENT
Title Mazah Bakhair [Urdu]
260 ## - PUBLICATION, DISTRIBUTION, ETC.
Place of publication, distribution, etc. Lahore
Name of publisher, distributor, etc. Sang-e-Meel Publications
300 ## - PHYSICAL DESCRIPTION
Extent 391 pp
942 ## - ADDED ENTRY ELEMENTS (KOHA)
Institution code [OBSOLETE] caenust
Call number prefix 891.4397 YOU
Holdings
Withdrawn status Lost status Damaged status Not for loan Collection code Permanent Location Current Location Date acquired Total Checkouts Full call number Barcode Date last seen Price effective from Koha item type
          College of Aeronautical Engineering (CAE) College of Aeronautical Engineering (CAE) 04/03/2017   891.4397 YOU CAE82095 04/05/2017 04/05/2017 Book
© 2023 Central Library, National University of Sciences and Technology. All Rights Reserved.